| 000 | 00768cam a22002413a 4500 | ||
|---|---|---|---|
| 001 | 12767 | ||
| 003 | PGUSA | ||
| 005 | 20140828083256.0 | ||
| 008 | 040628s2004||||xxu|||||s|||||000 | eng d | ||
| 040 |
_aPGUSA _beng |
||
| 042 | _adc | ||
| 050 | 4 | _aF001 | |
| 100 | 1 |
_aFiske, John, _d1842-1901 |
|
| 245 | 1 | 4 |
_aThe Beginnings of New England : _bOr the Puritan Theocracy in its Relations to Civil and Religious Liberty _h[electronic resource] / _cJohn Fiske |
| 260 |
_bProject Gutenberg, _c2004 |
||
| 506 | _aPublic domain in the USA. | ||
| 516 | _aElectronic text | ||
| 653 | _aNew England -- History -- Colonial period, ca. 1600-1775 | ||
| 653 | _aPuritans | ||
| 830 | 0 |
_aProject Gutenberg _v12767 |
|
| 856 | 4 | 0 | _uhttp://www.gutenberg.org/ebooks/12767 |
| 942 | _cEB | ||
| 999 |
_c242022 _d242022 |
||